Quiz o gatunkach muzycznych - Statystyki

Ogólne statystyki
  • Ten quiz został rozwiązany 15 razy
  • Średni wynik to 8 z 24
Statystyki odpowiedzi
Wykonawcy Gatunek % Poprawnych
Michael Jackson | Madonna Pop
100%
Iron Maiden | Black Sabbath Heavy Metal
93%
2Pac | Jay-Z Rap
93%
The Rolling Stones | The Who Rock
86%
Miles Davis | Louis Armstrong Jazz
79%
Bob Marley | Jimmy Cliff Reggae
64%
Aretha Franklin | Al Green Soul
43%
Bee Gees | Village People Disco
36%
B.B. King | Muddy Waters Blues
29%
Garth Brooks | Dolly Parton Country
29%
Nirvana | Pearl Jam Grunge
29%
Ludwig van Beethoven | W.A. Mozart Classical
21%
Woody Guthrie | Joan Baez Folk
21%
David Guetta | Calvin Harris House
21%
Exo | Girls' Generation K-Pop
21%
The Clash | The Ramones Punk
21%
D'Angelo | Luther Vandross R&B
14%
Parliament | Sly and the Family Stone Funk
7%
Scott Joplin | Jelly Roll Morton Ragtime
7%
Fela Kuti | Antibalas Afrobeat
0%
Alison Krauss | Ricky Skaggs Bluegrass
0%
João Gilberto | Sérgio Mendes Bossa Nova
0%
Yanni | Enya New Age
0%
Big Bad Voodoo Daddy | Glenn Miller Swing
0%
Nie znaleziono quizów pasujących do podanych kryteriów
Rozkład punktacji
Procent ludzi z każdym wynikiem
Percentyl według liczby udzielonych odpowiedzi
Twoja historia wyników
Nie rozwiązałeś tego quizu